000 00371nam a2200133Ia 4500
008 150509s9999 xx 000 0 und d
082 _a331.252 PEN
245 _aPension and inflation
260 _aGeneva:
260 _bILO
260 _c1977
300 _axi, 136p. :ill. ;24cm
650 _aPensions - addresses, essays, lecturesInflation (finance) - addresses, lectures
999 _c5705
_d5705